| 000 | 00651nam a22002177a 4500 | ||
|---|---|---|---|
| 005 | 20170124110034.0 | ||
| 010 | _aA-828566 | ||
| 020 | _c00.00 | ||
| 035 | _aA-828566 | ||
| 037 | _bCen Lib/Ret | ||
| 040 |
_adpl _bEN |
||
| 082 |
_a891 _bMOR |
||
| 100 |
_aMoraes, Dom _922388 |
||
| 245 |
_aCollected poems : _cby Dom Moraes _b1957-1987 / |
||
| 260 |
_bPenguin Books India Private Limited _c1987 _aNew Delhi |
||
| 270 |
_a72-B, Himalaya House,23, Kasturba Gandhi Marg _bNew Delhi _e110001 |
||
| 300 |
_axii,167p. _c19cm(Hb) |
||
| 650 |
_aPoems. _9104471 |
||
| 650 |
_aEnglish -- literature _9104472 |
||
| 942 |
_2ddc _cEN _h891 _mMOR |
||
| 999 |
_c128095 _d128095 |
||